[Event "Lippe Cup A 9th"]
[Site "Lieme"]
[Date "2012.10.14"]
[Round "4"]
[White "Bluebaum, Johanna"]
[Black "Jakubowski, Adrian David"]
[Result "0-1"]
[WhiteElo "1930"]
[BlackElo "1745"]
[PlyCount "139"]
[EventDate "2012.10.12"]
[EventType "swiss"]
[EventRounds "5"]
[EventCountry "GER"]
[SourceTitle "EXT 2014"]
[Source "ChessBase"]
[SourceDate "2013.11.20"]
[SourceVersion "1"]
[SourceVersionDate "2013.11.20"]
[SourceQuality "1"]

1. d4 c6 2. c4 d5 3. Nc3 Nf6 4. e3 Bf5 5. Qb3 Qb6 6. Qxb6 axb6 7. cxd5 Nxd5 8. Nxd5 cxd5 9. Nf3 Nc6 10. Bb5 Bd7 11. Bd2 e6 12. 0-0 Bd6 13. Rfc1 h6 14. Bc3 Ke7 15. Nd2 Nb4 16. Bxd7 Kxd7 17. a3 Nc6 18. e4 Bf4 19. exd5 exd5 20. Rd1 Bxd2 21. Rxd2 Rhe8 22. Kf1 Rac8 23. Re1 Na5 24. Bxa5 bxa5 25. Rxe8 Rxe8 26. Rc2 b6 27. f3 Re3 28. Rd2 a4 29. Kf2 Rb3 30. Ke2 Kc6 31. Rc2+ Kd6 32. Kd2 h5 33. Ke2 g5 34. Rd2 f5 35. Kd1 h4 36. Ke2 Kc6 37. Kd1 Kb5 38. Re2 Rd3+ 39. Kc2 Rxd4 40. Re5 Rf4 41. Rxd5+ Kc4 42. Rd6 h3 43. gxh3 Rxf3 44. Rxb6 Rxh3 45. Rb4+ Kc5 46. Rxa4 Rxh2+ 47. Kc3 Rf2 48. b4+ Kb6 49. Ra8 g4 50. Kd4 g3 51. Rg8 f4 52. a4 Rb2 53. Rg6+ Kb7 54. Rg7+ Kc8 55. Kc5 g2 56. a5 f3 57. a6 Kb8 58. b5 Rxb5+ 59. Kxb5 f2 60. Rg8+ Kc7 61. Rg7+ Kd8 62. a7 f1Q+ 63. Kc6 Qa6+ 64. Kd5 Kc8 65. Ke4 Qb7+ 66. Kd3 Qf3+ 67. Kd2 Qf2+ 68. Kd3 Qxa7 69. Rxg2 Qa3+ 70. Ke2 0-1

[Event "Lippe Cup A 9th"]
[Site "Lieme"]
[Date "2012.10.13"]
[Round "2"]
[White "Jakubowski, Adrian David"]
[Black "Schmitz, Philipp"]
[Result "0-1"]
[WhiteElo "1745"]
[BlackElo "2095"]
[PlyCount "74"]
[EventDate "2012.10.12"]
[EventType "swiss"]
[EventRounds "5"]
[EventCountry "GER"]
[SourceTitle "EXT 2014"]
[Source "ChessBase"]
[SourceDate "2013.11.20"]
[SourceVersion "1"]
[SourceVersionDate "2013.11.20"]
[SourceQuality "1"]

1. e4 c5 2. d3 Nc6 3. f4 g6 4. Nf3 Bg7 5. Nc3 d6 6. Bd2 Rb8 7. a4 a6 8. Be2 e6 9. 0-0 Nge7 10. Qc1 f5 11. exf5 exf5 12. Ng5 h6 13. Nf3 d5 14. Re1 0-0 15. Bf1 Re8 16. Ne2 Be6 17. Ng3 Bf7 18. c3 Kh7 19. Qc2 Qd6 20. Re2 d4 21. Rae1 Nd5 22. Rxe8 Rxe8 23. Rxe8 Bxe8 24. Ne2 Qe7 25. cxd4 cxd4 26. Qb3 Bf7 27. Qc2 Ndb4 28. Bxb4 Qe3+ 29. Kh1 Nxb4 30. Qc7 Nxd3 31. h3 Qf2 32. Qxf7 Qxf1+ 33. Neg1 Nxf4 34. Nh4 Qe1 35. Nxf5 gxf5 36. Qxf5+ Ng6 37. Kh2 Qe5+ 0-1

[Event "Lippe Cup-B 07th"]
[Site "Lieme"]
[Date "2010.10.17"]
[Round "4"]
[White "Jakubowski, Adrian David"]
[Black "Bentel, Robin"]
[Result "1/2-1/2"]
[WhiteElo "1731"]
[BlackElo "1630"]
[PlyCount "137"]
[EventDate "2010.10.15"]
[EventType "swiss"]
[EventRounds "5"]
[EventCountry "GER"]
[SourceTitle "EXT 2012"]
[Source "ChessBase"]
[SourceDate "2011.11.24"]
[SourceVersion "1"]
[SourceVersionDate "2011.11.24"]
[SourceQuality "1"]

1. e4 Nf6 2. Nc3 e5 3. Nf3 Nc6 4. Bc4 Nxe4 5. Nxe4 d5 6. Bb5 dxe4 7. Nxe5 Qg5 8. Nxc6 Qxb5 9. Nd4 Qd5 10. Nb3 Qg5 11. Kf1 Qb5+ 12. Qe2 Qxe2+ 13. Kxe2 Bd6 14. d3 exd3+ 15. cxd3 b6 16. Be3 Bb7 17. f3 Kd7 18. Kf2 Rhe8 19. h3 Bg3+ 20. Kxg3 Rxe3 21. Rad1 Rae8 22. Rd2 c5 23. Rhd1 Ke7 24. Nc1 Kf6 25. Kf2 R3e7 26. b3 Rd8 27. Ne2 Red7 28. Nc1 b5 29. Rc2 Rd5 30. Re1 Rc8 31. Re3 Ba6 32. Re4 h6 33. Rf4+ Rf5 34. Re4 Bb7 35. Re3 Re5 36. Rxe5 Kxe5 37. Re2+ Kf6 38. Rc2 Bd5 39. Ne2 a6 40. Nc3 Ke5 41. Ne2 Rc6 42. Ke3 a5 43. f4+ Kd6 44. Nc3 Rb6 45. g4 Rb7 46. Ne4+ Bxe4 47. dxe4 a4 48. e5+ Kc6 49. Rd2 axb3 50. Rd6+ Kc7 51. axb3 Ra7 52. Ke4 Ra3 53. Rd3 Ra6 54. Kd5 Rc6 55. Rc3 Kb6 56. f5 Rc8 57. Kd6 c4 58. e6 Rd8+ 59. Ke7 Rd3 60. exf7 Rxc3 61. f8Q cxb3 62. Qb8+ Ka5 63. Qe5 Kb4 64. Kd6 b2 65. Qd4+ Kb3 66. Qd1+ Ka2 67. Qd2 Rd3+ 68. Qxd3 b1Q 69. Kc5 1/2-1/2

[Event "Lippe Cup 06th"]
[Site "Lieme"]
[Date "2009.10.17"]
[Round "2"]
[White "Jakubowski, Adrian David"]
[Black "Schroeder, Kevin"]
[Result "1-0"]
[WhiteElo "1722"]
[BlackElo "1564"]
[PlyCount "49"]
[EventDate "2009.10.16"]
[EventType "swiss"]
[EventRounds "5"]
[EventCountry "GER"]
[SourceTitle "EXT 2013"]
[Source "ChessBase"]
[SourceDate "2012.11.22"]
[SourceVersion "1"]
[SourceVersionDate "2012.11.22"]
[SourceQuality "1"]

1. e4 c5 2. Nf3 d6 3. d4 cxd4 4. Nxd4 Nf6 5. Nc3 a6 6. Bd3 e5 7. Nb3 Be7 8. 0-0 Be6 9. h3 Nbd7 10. f4 Qb6+ 11. Kh1 0-0 12. f5 Bxb3 13. axb3 d5 14. Nxd5 Nxd5 15. exd5 Nf6 16. c4 e4 17. Bc2 Bc5 18. Bd2 e3 19. Bc3 Rfe8 20. Qf3 Re7 21. Rae1 e2 22. Rxe2 Rxe2 23. Qxe2 Re8 24. Qd1 Bf2 25. Qf3 1-0

[Event "Lippe Cup 06th"]
[Site "Lieme"]
[Date "2009.10.16"]
[Round "1"]
[White "Schwarze, Marianne"]
[Black "Jakubowski, Adrian David"]
[Result "0-1"]
[WhiteElo "1447"]
[BlackElo "1722"]
[PlyCount "86"]
[EventDate "2009.10.16"]
[EventType "swiss"]
[EventRounds "5"]
[EventCountry "GER"]
[SourceTitle "EXT 2012"]
[Source "ChessBase"]
[SourceDate "2011.11.24"]
[SourceVersion "1"]
[SourceVersionDate "2011.11.24"]
[SourceQuality "1"]

1. e4 e5 2. Nf3 d6 3. Bc4 Be7 4. Nc3 Nf6 5. h3 c6 6. a4 Qa5 7. d3 Nbd7 8. Bd2 Qb6 9. Rb1 0-0 10. Be3 Qa5 11. b4 Qc7 12. 0-0 Nb6 13. Bxb6 Qxb6 14. a5 Qc7 15. Qd2 Nh5 16. Ne2 Kh8 17. g4 Nf4 18. Ng3 Bd7 19. Ng5 d5 20. exd5 Nxd5 21. Bxd5 cxd5 22. Nf3 f5 23. gxf5 Bxf5 24. Nxf5 Rxf5 25. Nh2 Bg5 26. Qe2 Bf4 27. f3 Rg5+ 28. Kh1 Rg3 29. Rg1 Rxh3 30. Rg2 Rf8 31. c4 Rf5 32. Rb2 Rfh5 33. Kg1 Bxh2+ 34. Kf2 e4 35. dxe4 Bg3+ 36. Ke3 dxe4 37. Kd2 Qd6+ 38. Kc2 Be5 39. Qxe4 Rh1 40. Rd2 R5h2 41. Qd5 Qxd5 42. cxd5 Rxd2+ 43. Kxd2 Bxb2 0-1

[Event "Lippe Cup 04th"]
[Site "Lieme"]
[Date "2007.09.30"]
[Round "5"]
[White "Jakubowski, Adrian David"]
[Black "Bentel, Armin"]
[Result "1/2-1/2"]
[WhiteElo "1597"]
[BlackElo "1476"]
[PlyCount "28"]
[EventDate "2007.09.28"]
[EventType "swiss"]
[EventRounds "5"]
[EventCountry "GER"]
[SourceTitle "EXT 2012"]
[Source "ChessBase"]
[SourceDate "2011.11.24"]
[SourceVersion "1"]
[SourceVersionDate "2011.11.24"]
[SourceQuality "1"]

1. e4 e5 2. Nf3 Nf6 3. Nc3 Nc6 4. Bc4 Nxe4 5. Nxe4 d5 6. Bb5 dxe4 7. Nxe5 Qd5 8. Bxc6+ bxc6 9. Ng4 Ba6 10. Ne3 Qd7 11. b3 Bc5 12. Bb2 0-0 13. Qg4 f5 14. Qh5 Bd4 1/2-1/2

[Event "Lippe Cup 02nd"]
[Site "Lieme"]
[Date "2005.10.08"]
[Round "2"]
[White "Jakubowski, Adrian David"]
[Black "Egberts, Niklas"]
[Result "1-0"]
[WhiteElo "1113"]
[BlackElo "1282"]
[PlyCount "87"]
[EventDate "2005.10.07"]
[EventType "swiss"]
[EventRounds "5"]
[EventCountry "GER"]
[SourceTitle "EXT 2012"]
[Source "ChessBase"]
[SourceDate "2011.11.24"]
[SourceVersion "1"]
[SourceVersionDate "2011.11.24"]
[SourceQuality "1"]

1. e4 e5 2. Nf3 Nc6 3. Nc3 Nf6 4. Bb5 Bc5 5. d3 a6 6. Ba4 b5 7. Bb3 h6 8. 0-0 d6 9. Nd5 Bg4 10. h3 Bh5 11. Nxf6+ Qxf6 12. Bd5 Nd4 13. Bxa8 Nxf3+ 14. Kh1 Qh4 15. gxf3 Qxh3+ 16. Kg1 Qg3+ 17. Kh1 Bxf3+ 18. Qxf3 Qxf3+ 19. Kg1 Qg3+ 20. Kh1 Bxf2 21. Rxf2 Qxf2 22. Bc6+ Ke7 23. c4 bxc4 24. dxc4 h5 25. b4 Qf1+ 26. Kh2 h4 27. Bg5+ f6 28. Rxf1 fxg5 29. Rf5 Rh5 30. Bb7 g6 31. Rf1 g4 32. Bxa6 h3 33. Rg1 Rg5 34. Bb7 Kd7 35. a4 c6 36. a5 Kc7 37. a6 Kb6 38. Ra1 Ka7 39. Bxc6 g3+ 40. Kxh3 g2 41. Rg1 Kxa6 42. Rxg2 Rxg2 43. Kxg2 Kb6 44. Be8 1-0